Código Civil y Comercial comentado. : Tratado exegético / Arts. 957 a 1122, Tomo V.
Guardado en:
| Autor Principal: | |
|---|---|
| Otros Autores: | |
| Formato: | Libro |
| Idioma: | Spanish |
| Publicado: |
Ciudad Autónoma de Buenos Aires :
La Ley,
2015.
|
| Edición: | 1a. ed. |
| Materias: | |
| Etiquetas: |
Agregar Etiqueta
Sin Etiquetas, Sea el primero en etiquetar este registro!
|
| LEADER | 00715nam a22002055a 4500 | ||
|---|---|---|---|
| 001 | DER.der013065 | ||
| 008 | 180615s2015####ag#||||||||||||||#||spa|| | ||
| 005 | 20231113085223.0 | ||
| 245 | 1 | 0 | |a Código Civil y Comercial comentado. : |b Tratado exegético / |c Argentina. |n Arts. 957 a 1122, |p Tomo V. |
| 250 | |a 1a. ed. | ||
| 260 | |a Ciudad Autónoma de Buenos Aires : |b La Ley, |c 2015. | ||
| 300 | |a 962 p. | ||
| 500 | |a Contratos. Parte General. | ||
| 020 | |a 9789870329190 | ||
| 240 | 1 | 0 | |a Código |
| 700 | 1 | |a Alterini, Jorge Horacio, |e dir. | |
| 700 | 1 | |a Alterini, Ignacio E., |e coord. | |
| 700 | 1 | |a Leiva Fernández, Luis F. P., |e aut. | |
| 650 | 7 | |a CODIGO CIVIL Y COMERCIAL | |
| 859 | |a DERECHO |b BIB. DERECHO |h 348.023 |i ARG |p 007967 |3 Tomo V | ||
